Frommer's Sweden
Gorde:
| Egile nagusia: | |
|---|---|
| Formatua: | Liburua |
| Hizkuntza: | Undetermined |
| Argitaratua: |
Hoboken
Wiley Publishing, Inc.
2007
|
| Gaiak: | |
| Etiketak: |
Etiketa erantsi
Etiketarik gabe, Izan zaitez lehena erregistro honi etiketa jartzen!
|
| Thư viện lưu trữ: | Trung tâm Học liệu Trường Đại học Cần Thơ |
|---|
| LEADER | 00624nam a2200205Ia 4500 | ||
|---|---|---|---|
| 001 | CTU_129404 | ||
| 008 | 210402s9999 xx 000 0 und d | ||
| 020 | |c 387000 | ||
| 082 | |a 914.85 | ||
| 082 | |b P844 | ||
| 100 | |a Porter, Darwin | ||
| 245 | 0 | |a Frommer's Sweden | |
| 245 | 0 | |c Darwin Porter and Danforth Prince | |
| 260 | |a Hoboken | ||
| 260 | |b Wiley Publishing, Inc. | ||
| 260 | |c 2007 | ||
| 650 | |a Sweden,Sweden,Thủy Điển,Thủy Điển | ||
| 650 | |x History,Description and travel,Miêu tả và du lịch,Lịch sử | ||
| 904 | |i Giang | ||
| 980 | |a Trung tâm Học liệu Trường Đại học Cần Thơ | ||